000 00451nam a2200193Ia 4500
003 OSt
005 20230526113808.0
008 230519s9999 xx 000 0 und d
020 _a978-93-81390-18-4
040 _c 0
041 _aeng
082 _aN/613.2/SOH/DB0023
100 _aSohi Darshan
245 _aText Book of Nutrition
260 _bS Vikas and Co
_aJalandhar
_c2009
300 _a414p
942 _2ddc
_cDB
999 _c158850
_d158850